| 000 | 015060000a22002770004500 | ||
|---|---|---|---|
| 003 | EG-GICUC | ||
| 005 | 20250223025257.0 | ||
| 008 | 080519s2007 ua h f m 000 0 ara d | ||
| 040 |
_aEG-GICUC _bara _cEG-GICUC |
||
| 041 | 0 | _aAra | |
| 049 | _aاهداء | ||
| 097 | _aدكتوراه | ||
| 099 | _aCai01.25.01.Ph.D.2007.اش.ج | ||
| 100 | 0 | _aاشرف محمد حسانين الحلوانى | |
| 245 | 1 | 2 |
_aالجوانب الفلسفية والجمالية للأساليب الادائية الحديثة كمدخل لاثراء التصوير فى المرحلة الابتدائية لخدمة المجتمع وتنمية البيئة / _cاشرف محمد حسانين الحلوانى ؛ اشراف ميرفت زكى شرباش : طارق حسن احمد |
| 246 | 1 | 5 | _aPhilosophical and aesthetic aspects of modern performance styles as an approach to enrich painting in primary phase for community service and environmental development |
| 260 |
_aبورسعيد : _bاشرف محمد حسانين الحلوانى : _c2007 |
||
| 300 |
_a191ص : _bمثيليات ؛ _c25سم |
||
| 502 | _aاطروحة (دكتوراه) - جامعة قناة السويس - كلية التربية النوعية ببورسعيد - قسم التربية الفنية | ||
| 700 | 0 |
_aطارق حسن احمد : _eمشرف |
|
| 700 | 0 |
_aميرفت زكى شرباش : _eمشرف |
|
| 856 | _uhttp://172.23.153.220/th.pdf | ||
| 905 |
_aMustafa _eRevisor |
||
| 905 |
_aSamia _eCataloger |
||
| 942 |
_2ddc _cTH |
||
| 999 |
_c9499 _d9499 |
||